[Event "Bogota Cesap op"]
[Site "Bogota"]
[Date "2011.09.12"]
[Round "1.10"]
[White "Orozco Mendez, Carlos"]
[Black "Rodriguez, German Andres"]
[Result "0-1"]
[WhiteElo "1600"]
[BlackElo "1670"]
[PlyCount "36"]
[EventDate "2011.09.12"]
[EventType "swiss"]
[EventRounds "5"]
[EventCountry "COL"]
[SourceTitle "EXT 2024"]
[Source "ChessBase"]
[SourceDate "2023.10.10"]
[SourceVersion "1"]
[SourceVersionDate "2023.10.10"]
[SourceQuality "1"]

1. e4 c5 2. Nf3 d6 3. Bc4 Nf6 4. d3 Nc6 5. c3 e6 6. Bg5 Be7 7. Nbd2 a6 8. Qe2 0-0 9. d4 d5 10. exd5 exd5 11. Bb3 cxd4 12. cxd4 Re8 13. 0-0 Bg4 14. Qd3 Nb4 15. Qb1 Bh5 16. Ne5 Nc6 17. Ba4 Rc8 18. Bxc6 bxc6 0-1